Mi van a levegőben?
Elmentve itt :
| Dokumentumtípus: | Cikk |
|---|---|
| Megjelent: |
1991-11-29
|
| Sorozat: | Délmagyarország
|
| Kulcsszavak: | Előadások, kémiai szakbizottság |
| Online Access: | http://univ.bibl.u-szeged.hu/27102 |
| LEADER | 00437nab a2200157 i 4500 | ||
|---|---|---|---|
| 001 | univ27102 | ||
| 005 | 20171214104941.0 | ||
| 008 | 171214s1991 hu o 0|| zxx d | ||
| 040 | |a SZTE UnivHistória Repozitórium |b hun | ||
| 041 | |a zxx | ||
| 245 | 0 | 0 | |a Mi van a levegőben? |h [elektronikus dokumentum] |
| 260 | |c 1991-11-29 | ||
| 300 | |a 6 | ||
| 490 | 0 | |a Délmagyarország | |
| 561 | |a Egyetemi hirarchívum | ||
| 695 | |a Előadások, kémiai szakbizottság | ||